Datum a čas kvízu
34
Celkem bodů
Celkový počet nahraných bodů na tomto kvízu bez doplňovacích otázek.
7.
Pořadí na kvízu
Konečné umístění týmu na tomto kvízu.
Zaznamenané odpovědi
| # | Otázka | Odpověď | Body | Výsledky |
|---|---|---|---|---|
| 1. | Co bylo hlavní motivací kavárn... | C | 1 | |
| 2. | Na Slovensku byl schválen záko... | B | 1 | |
| 3. | Fotografií roku 2025 se v sout... | A) konec hlubinné těžby uhlí na Ostravsku | 1 | |
| 4. | Nápojářská skupina Kofola zaví... | Nobilis Tilia | 0 | |
| 5. | Rvačky nejsou v NHL ničím neob... | Florida Panthers, San Jose Sharks | 0 | |
| 6. | Jak se jmenuje horolezec, jenž... | Radek Jaroš | 0 | |
| 7. | Jak se trojslovně jmenuje tato... | lezení na rychlost | 1 | |
| 8. | Jak se jmenuje tento základní... | dračí smyčka | 1 | |
| 9. | Za půl bodu napište jméno ikon... | Matterhorn, Švýcarsko a Itálie | 0.5 | |
| 10. | Jak se jmenuje fenomenální slo... | B) Janja Garnbret | 0 |